Top 15 most streamed Polo G songs - Statistics

General Stats
  • This quiz has been taken 213 times
    73 since last reset
  • The average score is 7 of 15
Answer Stats
Rank Streams Songs % Correct
1. 1,081,604,170 RAPSTAR
95%
2. 1,043,483,763 Martin & Gina
83%
3. 946,669,768 Pop Out
77%
4. 554,687,973 21
63%
5. 489,844,310 Go Stupid
48%
9. 282,691,609 Heartless
45%
10. 241,678,955 I Know
43%
11. 235,891,315 Finer Things
40%
6. 422,158,725 Flex
38%
7. 391,165,063 Through Da Storm
38%
8. 324,013,021 Chosen 1
28%
12. 223,242,401 Neva Cared
28%
13. 186,293,765 Epidemic
23%
14. 175,871,249 Bad Man (Smooth Criminal)
18%
15. 157,116,497 Be Something
17%
No matching quizzes found
Score Distribution
Percent of People with Each Score
Percentile by Number Answered
Your Score History
You have not taken this quiz since the last reset